000 00327 a2200133 4500
000 nam a22 7a 4500
100 _aSingh, B.D.
110 _aSingh, B.D.
245 _aBiotechnology
250 _a6th/Latest edition
260 _bMedTech Science Press
_c2025
264 _bMedTech Science Press
_c2025
942 _cBK
999 _c396775
_d396775